[Event "FIDE World Bl Team Pool C"]
[Site "London ENG"]
[Date "2025.06.14"]
[Round "7.2"]
[White "Sindarov, Javokhir"]
[Black "Cumming, Rhys"]
[Result "1-0"]
[WhiteTitle "GM"]
[BlackTitle "FM"]
[WhiteElo "2710"]
[BlackElo "2285"]
[WhiteTeam "Uzbekistan"]
[BlackTeam "Chess Rising Stars"]
[WhiteFideId "14205483"]
[BlackFideId "470163"]
[EventDate "2025.06.14"]
[EventType "team"]

1. e4 e5 2. Nf3 Nc6 3. Bc4 Nf6 4. Ng5 d5 5. exd5 Na5 6. Bb5+ c6 7. dxc6 bxc6 8.
Bd3 Nd5 9. Nf3 Bd6 10. O-O O-O 11. Re1 f5 12. Nxe5 Qf6 13. Nf3 g5 14. Nc3 Nf4
15. Bf1 g4 16. b4 Bxb4 17. Ne5 Bxc3 18. dxc3 Rd8 19. Bd3 Nxd3 20. cxd3 Re8 21.
Bf4 Be6 22. Qa4 Nb7 23. Qxc6 Qg7 24. Nxg4 fxg4 25. Rxe6 Rf8 26. Qd5 Rad8 27.
Rd6+ Kh8 28. Be5 Nxd6 1-0

[Event "FIDE World Bl Team Pool C"]
[Site "London ENG"]
[Date "2025.06.14"]
[Round "7.3"]
[White "Navrotescu, Andreea"]
[Black "Yakubboev, Nodirbek"]
[Result "0-1"]
[WhiteTitle "WGM"]
[BlackTitle "GM"]
[WhiteElo "2333"]
[BlackElo "2659"]
[WhiteTeam "Chess Rising Stars"]
[BlackTeam "Uzbekistan"]
[WhiteFideId "675946"]
[BlackFideId "14203987"]
[EventDate "2025.06.14"]
[EventType "team"]

1. d4 Nf6 2. c4 g6 3. Nc3 Bg7 4. e4 d6 5. Nf3 O-O 6. Be2 Na6 7. O-O e5 8. Be3
Qe7 9. Qc2 c6 10. dxe5 dxe5 11. Rad1 Nh5 12. a3 f5 13. exf5 gxf5 14. b4 Nf6 15.
c5 Nc7 16. Bc4+ Kh8 17. Rfe1 e4 18. Bf4 Nce8 19. Qa2 b5 20. Bb3 a5 21. bxa5 Qxc5
22. Ne5 Qxc3 23. Nf7+ Rxf7 24. Bxf7 Bb7 25. Qe6 Qxa3 26. Be5 Qf8 27. h4 Bc8 28.
Qa2 Qe7 29. Bxe8 Nxe8 30. Bxg7+ Nxg7 31. f3 Be6 32. Qb2 Bd5 33. fxe4 fxe4 34. h5
Qg5 35. Rf1 Qxh5 36. Rf6 Qxd1+ 0-1

[Event "FIDE World Bl Team Pool C"]
[Site "London ENG"]
[Date "2025.06.14"]
[Round "7.4"]
[White "Kasimdzhanov, Rustam"]
[Black "Tsaknakis, Zisis"]
[Result "1-0"]
[WhiteTitle "GM"]
[BlackTitle "FM"]
[WhiteElo "2675"]
[BlackElo "2333"]
[WhiteTeam "Uzbekistan"]
[BlackTeam "Chess Rising Stars"]
[WhiteFideId "14200244"]
[BlackFideId "4259963"]
[EventDate "2025.06.14"]
[EventType "team"]

1. e4 e5 2. Nf3 Nc6 3. Bb5 a6 4. Ba4 Nf6 5. O-O d6 6. d3 g6 7. c3 Bg7 8. h3 O-O
9. Be3 h6 10. Nbd2 Kh7 11. Re1 Nh5 12. Nf1 Bd7 13. Bc2 Qf6 14. Ng3 Nxg3 15. fxg3
Rae8 16. Qd2 Qd8 17. g4 f5 18. exf5 gxf5 19. d4 e4 20. gxf5 Bxf5 21. Nh2 Ne7 22.
Nf1 Nd5 23. Bf2 Bg6 24. Ng3 Nf6 25. Rf1 d5 26. Be3 Qd6 27. Bf4 e3 28. Bxg6+ Kg8
29. Bxd6 exd2 30. Bxf8 Rxf8 31. Rad1 1-0

[Event "FIDE World Bl Team Pool C"]
[Site "London ENG"]
[Date "2025.06.14"]
[Round "7.5"]
[White "Mihailidou, Magdalini"]
[Black "Tokhirjonova, Gulrukhbegim"]
[Result "0-1"]
[BlackTitle "IM"]
[WhiteElo "1922"]
[BlackElo "2370"]
[WhiteTeam "Chess Rising Stars"]
[BlackTeam "Uzbekistan"]
[WhiteFideId "25801236"]
[BlackFideId "14203626"]
[EventDate "2025.06.14"]
[EventType "team"]

1. e4 e5 2. Nf3 Nc6 3. Bc4 Bc5 4. c3 Nf6 5. b4 Bb6 6. d3 d6 7. a4 a5 8. b5 Ne7
9. O-O Ng6 10. Ra2 O-O 11. Nbd2 c6 12. bxc6 bxc6 13. Re1 d5 14. exd5 cxd5 15.
Bb5 Ng4 16. Nf1 Bc7 17. h3 Nf6 18. Rae2 h6 19. Ba3 e4 20. Bxf8 Nxf8 21. dxe4
Nxe4 22. Bc6 Nxc3 23. Qa1 Nxe2+ 24. Rxe2 Rb8 25. Ne3 Be6 26. Nd4 Qf6 27. Qe1
Qxd4 28. Bb5 Qb4 29. Qd1 Bf4 30. Nxd5 Bxd5 31. Qxd5 Qb1+ 32. Re1 Qxe1+ 33. Bf1
Rb1 34. Qd3 Ne6 35. g3 Be5 36. Kg2 Qxf1+ 37. Qxf1 Rxf1 38. Kxf1 Nc5 39. Ke2 Nxa4
40. Kd3 Nb6 41. Ke4 Bd6 42. Kd4 a4 43. Kc3 a3 44. Kb3 f5 45. f4 Kf7 46. h4 Ke6
47. h5 Kd5 0-1

[Event "FIDE World Bl Team Pool C"]
[Site "London ENG"]
[Date "2025.06.14"]
[Round "7.6"]
[White "Imomkuzieva, Nilufarkhon"]
[Black "Kennedy, Aden"]
[Result "1-0"]
[WhiteTitle "WFM"]
[WhiteElo "2066"]
[BlackElo "1950"]
[WhiteTeam "Uzbekistan"]
[BlackTeam "Chess Rising Stars"]
[WhiteFideId "14216736"]
[BlackFideId "343401015"]
[EventDate "2025.06.14"]
[EventType "team"]

1. e4 g6 2. d4 Bg7 3. Nc3 c5 4. Be3 cxd4 5. Bxd4 Nf6 6. Nd5 O-O 7. Nxf6+ exf6 8.
Nf3 Re8 9. Bd3 Nc6 10. c3 Nxd4 11. Nxd4 f5 12. O-O fxe4 13. Bc4 d5 14. Bb5 Bd7
15. Qb3 a6 16. Bxd7 Qxd7 17. Rad1 Rad8 18. Rfe1 Kh8 19. a4 f5 20. Nc2 Qe6 21.
Nd4 Bxd4 22. Rxd4 Rd7 23. Qc2 Qe5 24. Qc1 f4 25. h3 Qf5 26. Kh2 g5 27. Qd1 Kg7
28. Qh5 Re6 29. c4 Rh6 30. Qe8 g4 31. Rexe4 gxh3 32. Re7+ Rxe7 33. Qxe7+ Kg8 34.
Qd8+ Kg7 35. Qc7+ Qf7 36. Qxf7+ Kxf7 37. cxd5 hxg2+ 38. Kxg2 Kf6 39. Rxf4+ Ke5
40. Rf7 b5 41. axb5 axb5 42. Rd7 Rd6 43. Rxh7 Kxd5 44. Rc7 Rb6 45. Kf3 Kd4 46.
Ke2 Re6+ 47. Kd2 Rf6 48. Ke2 Re6+ 49. Kf1 Rb6 50. f3 Ke3 51. Rc3+ Kf4 52. Kf2
Rd6 53. Rb3 Rd5 54. Rb4+ Kf5 55. Ke3 Re5+ 56. Re4 Rc5 57. Rf4+ Kg5 58. Rg4+ Kf5
59. Rh4 Re5+ 60. Re4 Rc5 61. Rd4 Ke5 62. f4+ Kf5 63. Rd8 Rc2 64. Rd5+ Kf6 65.
Rxb5 Rh2 66. b4 Rh3+ 67. Ke4 Rb3 68. Rb6+ Ke7 69. Ke5 Re3+ 70. Kf5 Rd3 71. Rb7+
Kd6 72. Kf6 Rd4 73. f5 Kc6 74. Rb8 Kc7 75. Re8 Rxb4 76. Kf7 Kd7 77. Ra8 Rb7 78.
f6 Kd6+ 79. Kg6 Ke6 80. Re8+ Kd5 81. f7 Rb6+ 82. Kg7 Rb1 83. f8=Q Rg1+ 84. Kh6
Rh1+ 85. Kg5 Rg1+ 86. Kh4 Rh1+ 87. Kg3 Rg1+ 88. Kh2 Rg5 89. Rd8+ Ke6 90. Qd6+
Kf7 91. Rd7+ Kg8 92. Qb8# 1-0

[Event "FIDE World Bl Team Pool C"]
[Site "London ENG"]
[Date "2025.06.14"]
[Round "7.1"]
[White "Tan, Justin2"]
[Black "Momunaliev, Ruslan"]
[Result "1-0"]
[WhiteTitle "GM"]
[BlackTitle "CM"]
[WhiteElo "2512"]
[BlackElo "2214"]
[WhiteTeam "Wood Green Youth"]
[BlackTeam "Youth KG"]
[WhiteFideId "3206882"]
[BlackFideId "13812211"]
[EventDate "2025.06.14"]
[EventType "team"]

1. Nf3 d5 2. g3 Nf6 3. Bg2 c6 4. O-O Bg4 5. h3 Bh5 6. d4 e6 7. c4 Nbd7 8. cxd5
exd5 9. Ne5 Bd6 10. f4 h6 11. g4 Bg6 12. f5 Bh7 13. Bf4 Qe7 14. Nxd7 Qxd7 15.
Qd2 O-O 16. Nc3 Rfe8 17. Rae1 Ne4 18. Bxe4 dxe4 19. Bxd6 Qxd6 20. e3 Qf6 21. Rf4
h5 22. Qg2 Qh4 23. Ref1 g5 24. Rxe4 Rxe4 25. Nxe4 hxg4 26. Qxg4 Kg7 27. Qxg5+
Qxg5+ 28. Nxg5 Bg8 29. f6+ Kg6 30. h4 Rd8 31. Rf4 Rd5 32. Nf3 Bh7 33. Ne5+ Kh5
34. Nxf7 Bg6 35. Ne5 Rd8 36. f7 Rf8 37. Rf6 Bxf7 38. Rxf7 Rg8+ 39. Kf2 Kxh4 40.
Rxb7 1-0

[Event "FIDE World Bl Team Pool C"]
[Site "London ENG"]
[Date "2025.06.14"]
[Round "7.2"]
[White "Beknazarov, Emir"]
[Black "Derakhshani, Borna"]
[Result "0-1"]
[BlackTitle "FM"]
[WhiteElo "1878"]
[BlackElo "2348"]
[WhiteTeam "Youth KG"]
[BlackTeam "Wood Green Youth"]
[WhiteFideId "13816063"]
[BlackFideId "12518450"]
[EventDate "2025.06.14"]
[EventType "team"]

1. e4 c5 2. Nc3 a6 3. f4 b5 4. Nf3 e6 5. g3 b4 6. Nb1 d5 7. Qe2 Bb7 8. d3 a5 9.
exd5 Bxd5 10. Nbd2 Nc6 11. Bg2 g6 12. Ne4 f5 13. Neg5 Qe7 14. Ne5 Nxe5 15. Bxd5
exd5 16. fxe5 Bg7 17. O-O Nh6 18. c3 d4 19. cxd4 cxd4 20. Nf3 Rd8 21. Bg5 Qd7
22. Bxd8 Qxd8 23. Rac1 O-O 24. Rc4 Ng4 25. Nxd4 Nxe5 26. Nc6 Qb6+ 27. d4 Nxc4
28. Qxc4+ Kh8 29. Rd1 f4 30. Kg2 f3+ 31. Kf2 Qc7 32. b3 Qd7 33. Qc5 Qh3 34. Ne5
Qg2+ 35. Ke3 Qe2# 0-1

[Event "FIDE World Bl Team Pool C"]
[Site "London ENG"]
[Date "2025.06.14"]
[Round "7.3"]
[White "Haydon, David L"]
[Black "Kurbanbaev, Zalkar"]
[Result "1/2-1/2"]
[WhiteTitle "FM"]
[WhiteElo "2284"]
[BlackElo "2119"]
[WhiteTeam "Wood Green Youth"]
[BlackTeam "Youth KG"]
[WhiteFideId "415405"]
[BlackFideId "13808524"]
[EventDate "2025.06.14"]
[EventType "team"]

1. Nf3 Nf6 2. e3 g6 3. c4 Bg7 4. Nc3 O-O 5. Be2 c5 6. O-O d5 7. cxd5 Nxd5 8. Qb3
Nb6 9. Rd1 Be6 10. Qc2 Bf5 11. d3 Nc6 12. a3 Rc8 13. Qb3 e5 14. Qc2 Nd4 15. exd4
cxd4 16. Bd2 dxc3 17. Bxc3 Nd5 18. Rac1 Nxc3 19. bxc3 Qa5 20. Qb3 e4 21. dxe4
Bxe4 22. Nd4 Bxg2 23. Kxg2 Qg5+ 24. Kf1 Bxd4 25. Qxb7 Bb6 26. Qf3 Rc5 27. Qg3
Qf6 28. Rd3 Bc7 29. Qg2 Rf5 30. Rf3 Bb6 31. c4 Rxf3 32. Qxf3 Qd4 33. Rd1 Qh4 34.
h3 Rd8 35. Rxd8+ Qxd8 36. Kg2 Qd6 37. Kf1 Kg7 38. Qc3+ Bd4 39. Qf3 Qc5 40. a4 a5
41. Kg2 Qg5+ 42. Qg4 Qc5 43. Qf3 h5 44. Bd3 Be5 45. Qe4 Bd6 46. Be2 Qg5+ 47. Kf1
Qc1+ 48. Kg2 Qg5+ 49. Kf1 Bh2 50. Bf3 Qg1+ 51. Ke2 Qc1 52. Qd4+ Kh7 53. Bd5 Qc2+
54. Kf3 Qf5+ 55. Kg2 Be5 56. Qe3 Bf4 57. Qf3 Qg5+ 58. Kf1 Be5 59. Qxf7+ Bg7 60.
Qg8+ Kh6 61. Qe6 Qc1+ 62. Kg2 Qg5+ 63. Kf3 Qf5+ 64. Qxf5 gxf5 65. Bf7 Kg5 66. c5
Bd4 67. c6 Bb6 68. Be6 h4 69. Ke2 Kf4 70. f3 Ke5 71. Bd7 Kf4 72. Kd3 Ke5 73. Kc4
f4 74. Kb5 Bc7 75. Ka6 Kd6 76. Kb7 Bd8 77. Bg4 Bc7 78. Bf5 Bd8 79. Be4 Bc7 80.
Kc8 Bb6 81. Kb7 Bc7 82. Ka6 Bd8 83. Kb5 Bc7 84. Kc4 Bb6 85. Kd3 Ke5 86. Bg6 Bc7
87. Be8 Bb6 88. Bd7 Bc7 89. Kc4 Bb6 90. Bg4 Bc7 91. Kc5 Bb8 92. Kb6 Kd6 93. Kxa5
Kxc6 94. Kb4 Ba7 95. Kc4 Be3 96. Kd3 Kd5 97. a5 Bc5 98. a6 Ba7 99. Bc8 Bd4 100.
Bb7+ Ke5 101. Kc4 Ba7 102. Be4 Kd6 103. Bf5 Ke5 104. Bg4 Kd6 105. Kb5 Bd4 106.
Kc4 Ba7 107. Bh5 Ke5 108. Bf7 Kd6 109. Be8 Bb6 110. Ba4 Ba7 111. Bc2 Bb6 112.
Kd3 Ke5 113. Kc3 Ba7 114. Be4 Bb6 115. Kc4 Ba7 116. Bb7 Kd6 117. Bc8 Kc7 118.
Bb7 Kd6 119. Bd5 Ke5 120. Bf7 Kd6 121. Bh5 Ke5 122. Bg4 Kd6 123. Kb5 Bd4 124.
Ka5 Ba7 125. Bf5 Bd4 126. Kb5 Ba7 127. Kc4 Bb6 128. Bg4 Ba7 129. Kd3 Ke5 130.
Bh5 Bb6 131. Kc3 Ba7 132. Kb4 Kd6 133. Ka5 Kc5 134. Bg6 Bb6+ 135. Ka4 Ba7 136.
Kb3 Kd5 137. Kb4 Kd6 138. Kb5 Be3 139. Kc4 Bb6 140. Kd3 Ke5 141. Be8 Ba7 142.
Bb5 Bb6 143. Kc4 Kd6 144. Ba4 Ba7 145. Bc2 Bb6 146. Bf5 Ba7 147. Kd3 Ke5 148.
Bg4 Bb6 149. Ke2 Ba7 150. Kf1 Bb6 151. Kg2 Ba7 152. Kh1 Bb6 153. Bh5 Kd4 154.
Kg2 Kd3 155. Bg6+ Kd2 156. Bf5 Ba7 157. Kf1 Bb6 158. Bg4 Ba7 159. Bf5 Bb6 160.
Bg4 Ba7 161. Bf5 Bb6 162. Bg4 Ba7 163. Bf5 1/2-1/2

[Event "FIDE World Bl Team Pool C"]
[Site "London ENG"]
[Date "2025.06.14"]
[Round "7.4"]
[White "Keneshbekov, Elim"]
[Black "Balaji, Aaravamudhan"]
[Result "0-1"]
[WhiteTitle "CM"]
[BlackTitle "IM"]
[WhiteElo "1883"]
[BlackElo "2346"]
[WhiteTeam "Youth KG"]
[BlackTeam "Wood Green Youth"]
[WhiteFideId "13816772"]
[BlackFideId "436224"]
[EventDate "2025.06.14"]
[EventType "team"]

1. e4 e5 2. Nf3 Nc6 3. Bc4 Nf6 4. d3 Be7 5. c3 O-O 6. O-O d6 7. h3 Na5 8. Bb5 a6
9. Ba4 b5 10. Bc2 c5 11. Nbd2 Nc6 12. Re1 h6 13. Nf1 Qc7 14. Ne3 Be6 15. d4 cxd4
16. cxd4 exd4 17. Nxd4 Nxd4 18. Qxd4 Nd7 19. Bb3 Bf6 20. Qd1 Bxb3 21. Qxb3 Nb6
22. Bd2 Rfe8 23. Nf5 Nc4 24. Bf4 Bxb2 25. Rad1 Qa5 26. Qg3 Kh7 27. e5 Rg8 28.
Qh4 Qd8 29. Qh5 Qf8 30. exd6 g6 31. Qxh6+ Qxh6 32. Nxh6 Rgf8 33. Ng4 Rad8 34. d7
Bc3 35. Re2 f5 36. Ne3 Rf7 37. Nxc4 bxc4 38. Rc2 Bg7 39. Rxc4 Rfxd7 40. Rxd7
Rxd7 41. Rc6 a5 42. Ra6 Rd1+ 43. Kh2 Bd4 44. Rd6 a4 45. Rd7+ Kg8 46. h4 a3 47.
Rd6 Kf7 48. Rd7+ Ke6 49. Rd6+ Kf7 50. Kg3 Ke7 51. Rxg6 Rd3+ 52. f3 Bc3 53. Ra6
Be1+ 54. Kh3 Bb4 55. h5 Rd1 56. Bh2 Rh1 57. h6 Kf7 58. h7 Kg7 59. Rh6 Kh8 60.
Kg3 Be1+ 61. Kh3 Bb4 62. Rh5 Bd6 63. g3 f4 64. Kg2 Ra1 65. gxf4 Rxa2+ 66. Kh3
Rd2 67. Ra5 Kxh7 68. Bg3 a2 69. f5 Bb4 70. Ra7+ Kg8 71. Be5 Rd5 72. f4 Rd3+ 73.
Kg4 Ra3 74. Rxa3 Bxa3 75. Ba1 Kf7 76. Kf3 Be7 0-1

[Event "FIDE World Bl Team Pool C"]
[Site "London ENG"]
[Date "2025.06.14"]
[Round "7.1"]
[White "Samadov, Read"]
[Black "Pichot, Alan"]
[Result "1/2-1/2"]
[WhiteTitle "IM"]
[BlackTitle "GM"]
[WhiteElo "2522"]
[BlackElo "2588"]
[WhiteTeam "Rookies"]
[BlackTeam "Duobeniajan Costa Calida ESJ"]
[WhiteFideId "13417444"]
[BlackFideId "110973"]
[EventDate "2025.06.14"]
[EventType "team"]

1. d4 Nf6 2. c4 e6 3. Nf3 d5 4. Nc3 Nbd7 5. Bg5 h6 6. Bh4 Be7 7. e3 O-O 8. Qc2
c5 9. cxd5 Nxd5 10. Bxe7 Nxe7 11. Be2 b6 12. O-O Bb7 13. Rfd1 cxd4 14. Nxd4 a6
15. Rac1 Rc8 16. Qb3 Nc5 17. Qa3 Nd5 18. Nxd5 Bxd5 19. b4 Ne4 20. f3 Nd6 21.
Bxa6 Ra8 22. e4 Bc4 23. b5 Bxb5 24. Nxb5 Nxb5 25. Qb4 Nd4 26. Rxd4 Qg5 27. Qd2
Qxd2 1/2-1/2

[Event "FIDE World Bl Team Pool C"]
[Site "London ENG"]
[Date "2025.06.14"]
[Round "7.2"]
[White "Ibarra Jerez, Jose Carlos"]
[Black "Royal, Shreyas"]
[Result "1-0"]
[WhiteTitle "GM"]
[BlackTitle "GM"]
[WhiteElo "2545"]
[BlackElo "2492"]
[WhiteTeam "Duobeniajan Costa Calida ESJ"]
[BlackTeam "Rookies"]
[WhiteFideId "2226332"]
[BlackFideId "448869"]
[EventDate "2025.06.14"]
[EventType "team"]

1. e4 c6 2. Nf3 d5 3. d3 g6 4. Qe2 Bg7 5. g3 Bg4 6. Nbd2 e5 7. h3 Bxf3 8. Nxf3
Nd7 9. exd5 cxd5 10. Nxe5 Nxe5 11. d4 Qe7 12. dxe5 Qxe5 13. Qxe5+ Bxe5 14. Bb5+
Kf8 15. O-O Rc8 16. c3 d4 17. cxd4 Bxd4 18. Rd1 Be5 19. Rd7 a6 20. Ba4 Rc7 21.
Rxc7 Bxc7 22. Be3 Be5 23. Rd1 Bxb2 24. Rd7 h5 25. Rxb7 Bf6 26. Bb3 Rh7 27. Ra7
Ne7 28. Bc5 g5 29. Rxa6 Rh6 30. Ra7 g4 31. h4 Rg6 32. a4 Ke8 33. a5 Nc6 34.
Bxf7+ 1-0

[Event "FIDE World Bl Team Pool C"]
[Site "London ENG"]
[Date "2025.06.14"]
[Round "7.3"]
[White "Shogdzhiev, Roman"]
[Black "Cuenca Jimenez, Jose Fernando"]
[Result "1-0"]
[WhiteTitle "FM"]
[BlackTitle "GM"]
[WhiteElo "2402"]
[BlackElo "2487"]
[WhiteTeam "Rookies"]
[BlackTeam "Duobeniajan Costa Calida ESJ"]
[WhiteFideId "55653537"]
[BlackFideId "2255570"]
[EventDate "2025.06.14"]
[EventType "team"]

1. e4 c5 2. Nf3 Nc6 3. Bb5 e5 4. O-O Bd6 5. d3 Nf6 6. Nbd2 Bc7 7. Re1 a6 8. Bc4
b5 9. Bd5 Bb7 10. a4 d6 11. Ba2 O-O 12. Nf1 h6 13. Be3 Rb8 14. Ng3 Bc8 15. c3
Be6 16. Bxe6 fxe6 17. axb5 axb5 18. Ra6 Rb6 19. Rxb6 Bxb6 20. Qb3 Qd7 21. Qxb5
Rb8 22. Qa4 Nd4 23. Qxd7 Nxf3+ 24. gxf3 Nxd7 25. f4 Ra8 26. Kg2 Ra2 27. Re2 Ba5
28. h4 Kf7 29. h5 Ke7 30. Kf3 exf4 31. Bxf4 Nb6 32. b4 Rxe2 33. bxa5 Rb2 34.
axb6 Rxb6 35. e5 d5 36. Be3 Rb5 37. Ne2 Kd7 38. Nf4 Rb3 39. Bxc5 Rxc3 40. Bf8
Rc2 41. Bxg7 Ke8 42. Nxe6 Kf7 43. Nd4 Rd2 44. Bxh6 Rxd3+ 45. Be3 Ra3 46. Kg4 Ra1
47. Kf5 Rh1 48. e6+ Ke8 49. h6 Ke7 50. Bg5+ Kd6 51. Nb5+ Kc6 52. e7 Re1 53. h7 1-0

[Event "FIDE World Bl Team Pool C"]
[Site "London ENG"]
[Date "2025.06.14"]
[Round "7.4"]
[White "Camacho Collados, Marcos"]
[Black "Suleimen, Ergali"]
[Result "1-0"]
[WhiteTitle "IM"]
[BlackTitle "FM"]
[WhiteElo "2462"]
[BlackElo "2302"]
[WhiteTeam "Duobeniajan Costa Calida ESJ"]
[BlackTeam "Rookies"]
[WhiteFideId "2266237"]
[BlackFideId "13724452"]
[EventDate "2025.06.14"]
[EventType "team"]

1. Nf3 Nf6 2. d4 g6 3. Bg5 Bg7 4. Nbd2 O-O 5. c3 c5 6. dxc5 Na6 7. e4 Nxc5 8.
Bxf6 Bxf6 9. Bc4 d6 10. O-O Qc7 11. Qe2 Bg7 12. Rfe1 Nd7 13. h3 b6 14. Rad1 Bb7
15. Bd5 Rac8 16. Nb3 Nf6 17. Bxb7 Qxb7 18. Nbd4 a6 19. Nc2 b5 20. Nb4 Rc4 21.
Nd2 Rc7 22. Nb3 Qb6 23. Nd5 Nxd5 24. exd5 a5 25. Nd4 b4 26. Nb5 Rcc8 27. c4 Bf6
28. g3 h5 29. h4 a4 30. b3 Ra8 31. Rd3 axb3 32. axb3 Ra5 33. g4 hxg4 34. Qxg4
Ra2 35. Rf3 Kg7 36. h5 Qc5 37. Ree3 Qc8 38. h6+ Kh7 39. Qxc8 Rxc8 40. Nxd6 Rf8
41. Ne4 Bd4 42. Rd3 Bc3 43. Ng5+ Kxh6 44. Nxf7+ Kg7 45. Ng5 Rb2 46. Ne6+ Kh7 47.
Rxf8 g5 48. Nxg5+ 1-0

[Event "FIDE World Bl Team Pool C"]
[Site "London ENG"]
[Date "2025.06.14"]
[Round "7.5"]
[White "Nurgaliyeva, Zarina"]
[Black "Khotenashvili, Bella"]
[Result "1-0"]
[WhiteTitle "WFM"]
[BlackTitle "GM"]
[WhiteElo "2252"]
[BlackElo "2418"]
[WhiteTeam "Rookies"]
[BlackTeam "Duobeniajan Costa Calida ESJ"]
[WhiteFideId "13730096"]
[BlackFideId "13602640"]
[EventDate "2025.06.14"]
[EventType "team"]

1. e4 c6 2. d4 g6 3. Nc3 Bg7 4. Nf3 d5 5. e5 Nh6 6. h3 O-O 7. Be2 f6 8. Bf4 Nf7
9. exf6 exf6 10. O-O Re8 11. Re1 Nd7 12. Qd2 Nf8 13. Bd3 Ne6 14. Be3 a5 15. a4
b6 16. h4 Ra7 17. Ne2 Nd6 18. Ng3 Nc4 19. Bxc4 dxc4 20. h5 Qd5 21. hxg6 hxg6 22.
Bh6 Rae7 23. Bxg7 Kxg7 24. c3 Bd7 25. Re2 Nc7 26. Rae1 Rxe2 27. Rxe2 Bg4 28.
Rxe8 Nxe8 29. Nh2 Be6 30. Qe3 Nd6 31. Nf3 Bf7 32. Ne2 Qe4 33. Nd2 Qc2 34. Nf4
Nf5 35. Qe1 Qxb2 36. Ne4 b5 37. g4 Nh4 38. Qe3 Qb1+ 39. Kh2 bxa4 40. Nxf6 a3 41.
Nd7 Qb5 42. Nc5 Qb8 43. Kg3 a2 44. Qe7 a1=Q 45. Ne6+ Kg8 46. Qf6 Qg1+ 47. Kxh4
Qh2+ 48. Kg5 Qh8 49. Qe7 Qe8 50. Qd6 a4 51. d5 a3 52. dxc6 a2 53. c7 a1=Q 1-0

[Event "FIDE World Bl Team Pool C"]
[Site "London ENG"]
[Date "2025.06.14"]
[Round "7.6"]
[White "Torres, Lucas"]
[Black "Dauren, Darmen"]
[Result "0-1"]
[WhiteElo "1897"]
[BlackElo "2008"]
[WhiteTeam "Duobeniajan Costa Calida ESJ"]
[BlackTeam "Rookies"]
[WhiteFideId "1769464"]
[BlackFideId "13755579"]
[EventDate "2025.06.14"]
[EventType "team"]

1. e4 c5 2. Nc3 Nf6 3. d4 cxd4 4. Qxd4 Nc6 5. Qd3 d6 6. Nf3 g6 7. Be2 Bg7 8. O-O
O-O 9. Nd5 Be6 10. Nxf6+ Bxf6 11. c3 Rc8 12. Be3 a6 13. Rfd1 b5 14. Bd4 Nxd4 15.
cxd4 Qb6 16. Rac1 Bc4 17. Qe3 Bxe2 18. Qxe2 Rxc1 19. Rxc1 Bxd4 20. Nxd4 Qxd4 21.
Rc7 Re8 22. Qc2 d5 23. exd5 Qxd5 24. h3 e5 25. Rc8 Qd7 26. Rxe8+ Qxe8 27. Qe4
Qe6 28. a3 Kg7 29. g3 Qd6 30. Kg2 h5 31. h4 Qc5 32. Kg1 Qc1+ 33. Kg2 Qxb2 34.
Qe3 a5 35. Qc5 b4 36. axb4 axb4 37. Kh3 Qd4 38. Qc2 Qc3 39. Qb1 b3 40. f4 exf4 0-1

[Event "FIDE World Bl Team Pool C"]
[Site "London ENG"]
[Date "2025.06.14"]
[Round "7.1"]
[White "Pert, Nicholas"]
[Black "Gan-Erdene, Sugar"]
[Result "0-1"]
[WhiteTitle "GM"]
[BlackTitle "IM"]
[WhiteElo "2509"]
[BlackElo "2454"]
[WhiteTeam "e-therapeutics"]
[BlackTeam "Mongolia-B"]
[WhiteFideId "403989"]
[BlackFideId "4902980"]
[EventDate "2025.06.14"]
[EventType "team"]

1. d4 Nf6 2. Nf3 g6 3. g3 Bg7 4. Bg2 O-O 5. O-O d6 6. Nc3 Nc6 7. d5 Nb8 8. e4 c6
9. Re1 Qc7 10. Bf4 Bg4 11. Qd2 Bxf3 12. Bxf3 Nfd7 13. Bg2 a5 14. Bh6 Bxh6 15.
Qxh6 Qb6 16. Rab1 Na6 17. h4 Nf6 18. Bf3 Qd4 19. Rbd1 Qe5 20. Re3 Nc5 21. Qg5
Kg7 22. Be2 h6 23. Qxe5 dxe5 24. f4 Ncd7 25. Red3 Nc5 26. fxe5 Nfd7 27. dxc6
Nxd3 28. Rxd3 Nxe5 29. cxb7 Rab8 30. Rd5 Nc6 31. Rb5 Nd4 32. Rb6 Nxe2+ 33. Nxe2
Rfd8 34. Rb5 Rd7 35. Rxa5 Rbxb7 36. b3 Rd2 37. Kf2 Rxc2 38. Ke3 Rd7 39. Ra4 e5
40. g4 Rdd2 41. Ng3 Rh2 42. Ra5 Rc3# 0-1

[Event "FIDE World Bl Team Pool C"]
[Site "London ENG"]
[Date "2025.06.14"]
[Round "7.2"]
[White "Bilguun, Sumiya"]
[Black "Pert, Richard G"]
[Result "1/2-1/2"]
[WhiteTitle "GM"]
[BlackTitle "IM"]
[WhiteElo "2451"]
[BlackElo "2416"]
[WhiteTeam "Mongolia-B"]
[BlackTeam "e-therapeutics"]
[WhiteFideId "4901541"]
[BlackFideId "404748"]
[EventDate "2025.06.14"]
[EventType "team"]

1. e4 d5 2. exd5 c6 3. d4 cxd5 4. Bd3 Nc6 5. c3 Qc7 6. Ne2 Bg4 7. f3 Bd7 8. Bf4
e5 9. dxe5 Nxe5 10. O-O Bd6 11. Kh1 Ne7 12. Na3 a6 13. Nc2 O-O 14. Ncd4 N7g6 15.
Bg3 Rae8 16. b3 f5 17. Bc2 f4 18. Bf2 Qd8 19. Qd2 Qg5 20. Rad1 Nh4 21. Bxh4 Qxh4
22. Nf5 Rxf5 23. Bxf5 Bxf5 24. Qxd5+ Re6 25. Nd4 Ng4 26. fxg4 f3 27. Nxf3 Qxg4
28. Rde1 Be4 29. Rxe4 Qxe4 30. Qxe4 Rxe4 31. Re1 Rf4 32. h3 g6 33. Rd1 Bc5 34.
Rd5 b6 35. Kh2 Re4 36. b4 Be7 37. Rd3 Bf6 38. Nd2 Re2 39. Nc4 b5 40. Na5 Be5+
41. Kg1 Rxa2 42. Nc6 Bc7 43. Kf1 Bb6 44. Nd4 Bxd4 45. Rxd4 Rc2 46. Rd3 Kf7 47.
Rd7+ Ke6 48. Rxh7 Rxc3 49. Ra7 Ra3 50. Ke2 Kf5 51. Kf2 g5 52. g3 Ke4 53. Re7+
Kf5 54. Ra7 Ra4 55. Kf3 Rxb4 56. Rxa6 Rb3+ 57. Kf2 Rb2+ 58. Kf3 Rb3+ 59. Kf2 b4
60. Rb6 Rb2+ 61. Kf3 Rb3+ 62. Kf2 Rb2+ 63. Kf3 Ke5 1/2-1/2

[Event "FIDE World Bl Team Pool C"]
[Site "London ENG"]
[Date "2025.06.14"]
[Round "7.3"]
[White "Mortazavi, Ali"]
[Black "Batkhuyag, Munguntuul"]
[Result "0-1"]
[WhiteTitle "IM"]
[BlackTitle "IM"]
[WhiteElo "2333"]
[BlackElo "2356"]
[WhiteTeam "e-therapeutics"]
[BlackTeam "Mongolia-B"]
[WhiteFideId "401323"]
[BlackFideId "4900758"]
[EventDate "2025.06.14"]
[EventType "team"]

1. Nf3 d5 2. g3 Bg4 3. Bg2 Nd7 4. O-O c6 5. d3 e5 6. Nc3 Ngf6 7. e4 dxe4 8. Nxe4
Nxe4 9. dxe4 Bc5 10. c3 O-O 11. h3 Bh5 12. Qc2 Qe7 13. Nh4 Rfd8 14. Nf5 Qe6 15.
b3 a5 16. Bb2 Nf8 17. a3 Bb6 18. Kh2 Rd7 19. c4 Rad8 20. Bc3 f6 21. c5 Bxc5 22.
Bxa5 b6 23. Bc3 Bg6 24. b4 Bd4 25. Rfd1 Qc4 26. Rac1 Ne6 27. Bxd4 Qxc2 28. Rxc2
Bxf5 29. exf5 Nxd4 30. Rc3 Nf3+ 31. Bxf3 Rxd1 32. Bxd1 Rxd1 33. Rxc6 Rd3 34.
Rxb6 Rxa3 35. Rb7 h5 36. h4 Ra2 37. Kg1 Rb2 38. Kf1 Kh7 39. Ke1 Kh6 40. b5 g6
41. Rb6 Kg7 42. Rb7+ Kh6 43. Rb6 Kg7 44. fxg6 Kxg6 45. Rb8 e4 46. b6 Kf5 47. Rh8
Kg4 48. Rh6 Rxb6 49. Rg6+ Kf3 50. Rh6 Rb1+ 51. Kd2 Kxf2 52. Rxf6+ Kxg3 53. Ke3
Re1+ 54. Kd2 Ra1 55. Ke3 Ra4 56. Rf8 Kxh4 57. Kf4 Kh3 58. Rh8 h4 59. Re8 Kg2 60.
Rg8+ Kh2 61. Rh8 h3 62. Rh7 Kg2 63. Rg7+ Kh1 64. Rh7 h2 65. Kg3 Ra3+ 66. Kf4 e3
67. Kf3 Kg1 68. Rg7+ Kf1 69. Rh7 e2+ 0-1